Jak motivovat lidi

Na minha lista:
Detalhes bibliográficos
Autor principal: Forsyth, Patrick
Outros Autores: Jungmann, Vilém
Formato: Livro
Idioma:tcheco
Publicado em: Brno Computer Press 2003
Colecção:Rozvoj osobnosti
Assuntos:
Tags: Adicionar Tag
Sem tags, seja o primeiro a adicionar uma tag!

MARC

LEADER 00000nam$a2200000$$$4500
001 0019778
005 20240306141426.8
020 |a 80-7226-386-2 
041 0 |a cze 
044 |a CZ 
245 1 0 |a Jak motivovat lidi  |c Patrick Forsyth ; překlad: Vilém Jungmann 
264 1 |a Brno  |b Computer Press  |c 2003 
300 |a 121 s. 
490 1 |a Rozvoj osobnosti 
830 0 |a Rozvoj osobnosti 
610 2 0 |a motivácia 
610 2 0 |a motivácia pracovná 
610 2 0 |a práca s ľuďmi 
610 2 0 |a manažéri 
610 2 0 |a zamestnanci 
610 2 0 |a komunikácia manažérska 
610 2 0 |a komunikácia 
610 2 0 |a odmeňovanie 
610 2 0 |a vzťahy medziľudské 
610 2 0 |a stimulovanie hmotné 
610 2 0 |a stimulovanie morálne 
100 1 |a Forsyth, Patrick 
700 1 |a Jungmann, Vilém